| 000 -LEADER |
| fixed length control field |
00256nam a22001217a 4500 |
| 040 ## - CATALOGING SOURCE |
| Transcribing agency |
HS |
| 082 ## - DEWEY DECIMAL CLASSIFICATION NUMBER |
| Classification number |
355 |
| 110 ## - MAIN ENTRY--CORPORATE NAME |
| Corporate name or jurisdiction name as entry element |
FAO |
| 245 ## - TITLE STATEMENT |
| Title |
A trouble-shooters guide to forestry extension problems |
| 260 ## - PUBLICATION, DISTRIBUTION, ETC. (IMPRINT) |
| Place of publication |
Rome |
| Name of publisher |
FAO |
| Year of publication |
1997 |
| 300 ## - PHYSICAL DESCRIPTION |
| Number of Pages |
90p; |
| 942 ## - ADDED ENTRY ELEMENTS (KOHA) |
| Koha item type |
សៀវភៅភាសាអង់គ្លេស |
| 952 ## - LOCATION AND ITEM INFORMATION (KOHA) |
| Withdrawn status [LOCAL, KOHA] |
0 |
| 952 ## - LOCATION AND ITEM INFORMATION (KOHA) |
| Withdrawn status [LOCAL, KOHA] |
0 |
| 952 ## - LOCATION AND ITEM INFORMATION (KOHA) |
| Withdrawn status [LOCAL, KOHA] |
0 |